[Event "Konnerud Tempo høstturnering 2022"]
[Site "Malmveien 15"]
[Date "2022.08.17"]
[Round "1"]
[White "Nilsen, Helmer"]
[Black "Løvaas, Roger"]
[Result "1-0"]
[WhiteElo "1433"]
[BlackElo "1470"]
[PlyCount "41"]
[EventDate "2022.??.??"]

1. d4 e6 2. e4 d5 3. exd5 exd5 4. h3 Nf6 5. Bd3 g6 6. Be3 Bg7 7. Nf3 O-O 8. O-O
Be6 9. Nbd2 Nbd7 10. Bg5 c5 11. b3 Qb6 12. Be3 Qc7 13. dxc5 Nxc5 14. Be2 Nfe4
15. Nd4 f5 16. b4 Bxd4 17. Bxd4 Na4 18. Bd3 Nac3 19. Qe1 Rae8 20. f3 Nd6 21.
Qe5
1-0

[Event "Konnerud Tempo høstturnering 2022"]
[Site "Malmveien 15"]
[Date "2022.08.17"]
[Round "1"]
[White "Aure, Håvard"]
[Black "Andersson, Øivind"]
[Result "1/2-1/2"]
[WhiteElo "1376"]
[BlackElo "1473"]
[PlyCount "107"]
[EventDate "2022.??.??"]

1. e4 c5 2. Nf3 Nc6 3. d4 cxd4 4. Nxd4 e6 5. Nc3 Bb4 6. a3 Bxc3+ 7. bxc3 Nge7
8. Nb3 b6 9. Bb5 O-O 10. O-O Bb7 11. Re1 d6 12. Qg4 Ne5 13. Qg3 Rc8 14. Bb2 Nc4
15. Bxc4 Rxc4 16. Rad1 d5 17. f3 Qc8 18. Nd2 Rxc3 19. Bxc3 Qxc3 20. exd5 Nxd5
21. Nb1 Qxc2 22. Rc1 Qb2 23. Qf2 Qb3 24. Qc2 Qb5 25. Nc3 Qc5+ 26. Kh1 Qxa3 27.
Nxd5 Bxd5 28. Qc7 Qa6 29. Ra1 Rc8 30. Qxa7 Qxa7 31. Rxa7 Rb8 32. Rc7 b5 33.
Rec1 Bc4 34. Kg1 g6 35. Ra1 Re8 36. Raa7 e5 37. Kf2 Rd8 38. Rd7 Rxd7 39. Rxd7
b4 40. Rc7 Be6 41. Rb7 b3 42. Ke3 Kg7 43. g4 Kf6 44. h4 h6 45. Rb6 h5 46. Ke4
hxg4 47. fxg4 g5 48. h5 Kg7 49. Kxe5 Bxg4 50. h6+ Kh7 51. Kf6 Be6 52. Kxg5 Bc4
53. Rb8 Be6 54. Kf6
1/2-1/2

[Event "Konnerud Tempo høstturnering 2022"]
[Site "Malmveien 15"]
[Date "2022.08.17"]
[Round "1"]
[White "Berg, Gunnstein"]
[Black "Heibo, Amalie Linnea"]
[Result "0-1"]
[WhiteElo "1606"]
[BlackElo "1285"]
[PlyCount "66"]
[EventDate "2022.??.??"]

1. d4 Nf6 2. Nc3 d5 3. Bf4 Bf5 4. e3 e6 5. Bd3 Bxd3 6. Qxd3 Bd6 7. Bxd6 Qxd6 8.
Nf3 Nc6 9. O-O O-O 10. a3 a6 11. Rfd1 Rfd8 12. e4 dxe4 13. Nxe4 Nxe4 14. Qxe4
Qd5 15. Qe3 Ne7 16. c3 Nf5 17. Qe2 Rd6 18. h3 h6 19. g4 Ne7 20. c4 Qc6 21. d5
Qe8 22. Re1 Kf8 23. Qd3 Kg8 24. Re3 Ng6 25. Qe4 Qd7 26. Rd1 Qa4 27. Rde1 exd5
28. Qf5 dxc4 29. h4 Rf6 30. Qe4 c6 31. g5 Rf4 32. Qb1 h5 33. Re4 Rxf3
0-1

[Event "Konnerud Tempo høstturnering 2022"]
[Site "Malmveien 15"]
[Date "2022.08.17"]
[Round "1"]
[White "Hagen, Bjørn Stian"]
[Black "Selmer, Thorgrim Juhani"]
[Result "0-1"]
[WhiteElo "1311"]
[BlackElo "1535"]
[PlyCount "82"]
[EventDate "2022.??.??"]

1. e4 c6 2. d4 d5 3. e5 Bf5 4. Nf3 e6 5. c3 Nd7 6. Be2 c5 7. O-O Qb6 8. Nbd2
Ne7 9. Re1 Nc6 10. Nf1 cxd4 11. cxd4 Bb4 12. Bd2 Nxd4 13. Bxb4 Nxf3+ 14. Bxf3
Qxb4 15. Qd2 Qxd2 16. Nxd2 Rc8 17. Rac1 Ke7 18. a3 Nxe5 19. Rxc8 Nxf3+ 20. Nxf3
Rxc8 21. Nd4 Kf6 22. f4 Rc4 23. Rd1 a6 24. Kf2 Be4 25. g3 e5 26. fxe5+ Kxe5 27.
Ke3 h5 28. h4 f6 29. Rd2 g5 30. hxg5 fxg5 31. Nf3+ Bxf3 32. Kxf3 g4+ 33. Kg2 b5
34. Re2+ Re4 35. Kf2 d4 36. Rc2 Kd5 37. b4 d3 38. Rc5+ Kd4 39. Rc1 d2 40. Rd1
Kd3 41. Kf1 Kc2
0-1

[Event "Konnerud Tempo høstturnering 2022"]
[Site "Malmveien 15"]
[Date "2022.08.17"]
[Round "2"]
[White "Fagervik, Geir"]
[Black "Nilsen, Helmer"]
[Result "1-0"]
[WhiteElo "1451"]
[BlackElo "1433"]
[PlyCount "161"]
[EventDate "2022.??.??"]

1. Nf3 d5 2. e3 c5 3. d4 e6 4. c4 Nf6 5. Bd3 Nbd7 6. O-O cxd4 7. exd4 dxc4 8.
Bxc4 Qc7 9. b3 b6 10. Bb2 Bb7 11. Nbd2 Bb4 12. Rc1 Qf4 13. Bc3 Bxc3 14. Rxc3
Rc8 15. Rc1 Ne4 16. Bb5 Nc3 17. Bxd7+ Kxd7 18. Qe1 Nxa2 19. Ne5+ Ke7 20. Rxc8
Rxc8 21. Qe3 Qxe3 22. fxe3 Rc1 23. Rxc1 Nxc1 24. Kf2 b5 25. e4 f6 26. Nef3 Nd3+
27. Ke3 Nb4 28. g3 a5 29. Ne1 g6 30. Nb1 Kd6 31. Nc3 Bc6 32. Kd2 a4 33. bxa4
bxa4 34. Nc2 Nxc2 35. Kxc2 f5 36. e5+ Kc7 37. Kb2 g5 38. Ka3 f4 39. gxf4 gxf4
40. Nd1 Kb6 41. Kb4 a3 42. Kxa3 Kb5 43. Kb3 f3 44. Kc3 Be4 45. Nf2 Bg6 46. Nd1
Bf5 47. Nf2 Bb1 48. Nd1 Kc6 49. Kd2 Bg6 50. Ke3 Bh5 51. Ke4 Bg6+ 52. Ke3 Kd5
53. Nf2 Bh5 54. Nd1 Kc4 55. Ke4 Bg6+ 56. Ke3 Kb3 57. Nf2 Bh5 58. Kd3 Bg6+ 59.
Ke3 Kc4 60. Kxf3 Kxd4 61. Kf4 Bf5 62. Nh1 Be4 63. Nf2 Bf5 64. Nd1 h6 65. Ne3
Bh3 66. Nc2+ Kd5 67. Ne1 Bf5 68. Nf3 Bh3 69. Nd2 Kd4 70. Ne4 Bf5 71. Nf6 Bc2
72. Ng4 h5 73. Nf6 Bd1 74. Nh7 Kd5 75. Nf6+ Kd4 76. Ne8 Bg4 77. h4 Kd5 78. Nf6+
Kd4 79. Nxg4 hxg4 80. Kxg4 Kxe5 81. Kg5
1-0

[Event "Konnerud Tempo høstturnering 2022"]
[Site "Malmveien 15"]
[Date "2022.08.17"]
[Round "2"]
[White "Løvaas, Roger"]
[Black "Aure, Håvard"]
[Result "1-0"]
[WhiteElo "1470"]
[BlackElo "1376"]
[PlyCount "89"]
[EventDate "2022.??.??"]

1. b3 e5 2. Bb2 Nc6 3. e4 Nf6 4. Nc3 Bb4 5. Bd3 O-O 6. Nf3 Re8 7. O-O d5 8. Re1
d4 9. Ne2 Bg4 10. Ng3 Nh5 11. Nxh5 Bxh5 12. a3 Bd6 13. Be2 Bg6 14. d3 f5 15.
Nd2 Qf6 16. Bh5 Rf8 17. Bxg6 Qxg6 18. Qe2 Rf6 19. c4 Raf8 20. b4 Qg4 21. Qxg4
fxg4 22. Re2 h5 23. c5 Be7 24. Nc4 Re6 25. Rc1 b5 26. cxb6 axb6 27. b5 Na7 28.
a4 c5 29. bxc6 Nxc6 30. Nxb6 Nb4 31. Nd5 Nxd3 32. Nxe7+ Kf7 33. Rc7 Rxe7 34.
Rxe7+ Kf6 35. Rc7 Rb8 36. Rcc2 Ra8 37. g3 Rxa4 38. Rc6+ Kf7 39. Rd2 Nxb2 40.
Rxb2 Ra1+ 41. Kg2 Re1 42. Rb7+ Kg8 43. Rcc7 Rxe4 44. Rxg7+ Kf8 45. Rgc7
1-0

[Event "Konnerud Tempo høstturnering 2022"]
[Site "Malmveien 15"]
[Date "2022.08.17"]
[Round "2"]
[White "Andersson, Øivind"]
[Black "Høisveen, Tore"]
[Result "0-1"]
[WhiteElo "1473"]
[BlackElo "1441"]
[PlyCount "60"]
[EventDate "2022.??.??"]

1. e4 e5 2. Nf3 Nc6 3. c3 Bc5 4. Qc2 d6 5. Be2 Nf6 6. h3 a6 7. d3 h6 8. Be3 Ba7
9. Bxa7 Rxa7 10. Nbd2 Bd7 11. d4 b5 12. d5 Ne7 13. c4 b4 14. c5 Qb8 15. c6 Bc8
16. O-O a5 17. b3 Ng6 18. Nh2 O-O 19. Ng4 Nh7 20. Kh2 Nf4 21. Bf3 Ng5 22. h4
Nxf3+ 23. gxf3 Ng6 24. Kg3 Ba6 25. Nc4 Qd8 26. Rh1 Bxc4 27. bxc4 Nf4 28. Qd2 h5
29. Ne3 Qf6 30. Nf5 Qg6+
0-1

[Event "Konnerud Tempo høstturnering 2022"]
[Site "Malmveien 15"]
[Date "2022.08.17"]
[Round "2"]
[White "Transeth, Geir"]
[Black "Berg, Gunnstein"]
[Result "0-1"]
[WhiteElo "1330"]
[BlackElo "1606"]
[PlyCount "23"]
[EventDate "2022.??.??"]

1. e4 b6 2. Nc3 Bb7 3. b3 e6 4. d4 Bb4 5. Bd2 Bxc3 6. Bxc3 Bxe4 7. Qg4 Bg6 8.
Bd3 Nf6 9. Qf3 d5 10. Bxg6 hxg6 11. Ne2 Qd6 12. O-O
0-1

[Event "Konnerud Tempo høstturnering 2022"]
[Site "Malmveien 15"]
[Date "2022.08.17"]
[Round "2"]
[White "Heibo, Amalie Linnea"]
[Black "Hagen, Bjørn Stian"]
[Result "1-0"]
[WhiteElo "1285"]
[BlackElo "1311"]
[PlyCount "49"]
[EventDate "2022.??.??"]

1. d4 Nf6 2. c4 e6 3. Nc3 Bb4 4. Bg5 O-O 5. Qb3 Nc6 6. e3 d5 7. a3 Be7 8. Bxf6
Bxf6 9. cxd5 exd5 10. Qxd5 Be6 11. Qxd8 Rfxd8 12. Bd3 a6 13. Nge2 Rab8 14. Nf4
Bb3 15. Ne4 Be7 16. Rc1 Rbc8 17. Ke2 Na5 18. Nc5 Bxc5 19. Rxc5 b5 20. Bf5 Bc4+
21. Ke1 Nb3 22. Rc6 Nxd4 23. exd4 Re8+ 24. Kd2 Rcd8 25. Kc3
1-0

[Event "Konnerud Tempo høstturnering 2022"]
[Site "Malmveien 15"]
[Date "2022.08.17"]
[Round "3"]
[White "Aure, Håvard"]
[Black "Fagervik, Geir"]
[Result "0-1"]
[WhiteElo "1376"]
[BlackElo "1451"]
[PlyCount "68"]
[EventDate "2022.??.??"]

1. c4 c5 2. g3 Nc6 3. Bg2 e6 4. e3 Nf6 5. Ne2 d5 6. cxd5 Nxd5 7. O-O Be7 8. d4
O-O 9. Nbc3 Nxc3 10. bxc3 cxd4 11. cxd4 Qb6 12. Qb3 Qxb3 13. axb3 a6 14. Ba3
Bxa3 15. Rxa3 Bd7 16. Rc1 Rab8 17. Ra4 Rfc8 18. Rac4 Kf8 19. Nf4 Na5 20. R4c3
Nxb3 21. Rxc8+ Rxc8 22. Rxc8+ Bxc8 23. Nd3 b6 24. Be4 h6 25. Nb2 Bd7 26. Nc4 b5
27. Nb6 Ke7 28. Bc2 Nd2 29. d5 exd5 30. Nxd5+ Kd6 31. Nc3 a5 32. Na2 b4 33. Nc1
Be6 34. Ba4 Bc4
0-1

[Event "Konnerud Tempo høstturnering 2022"]
[Site "Malmveien 15"]
[Date "2022.08.17"]
[Round "3"]
[White "Høisveen, Tore"]
[Black "Løvaas, Roger"]
[Result "0-1"]
[WhiteElo "1441"]
[BlackElo "1470"]
[PlyCount "143"]
[EventDate "2022.??.??"]

1. e4 e5 2. Bc4 Nf6 3. d3 Bc5 4. Nf3 Nc6 5. Nc3 h6 6. a3 d6 7. h3 O-O 8. O-O
Be6 9. Ba2 Bxa2 10. Nxa2 a5 11. Kh1 Qe7 12. Nh2 Qe6 13. Nc3 Ne7 14. f4 exf4 15.
Bxf4 Ng6 16. Qe2 Rfe8 17. Bg3 Qd7 18. Rxf6 gxf6 19. Nd5 Kg7 20. Rf1 Re6 21. Ng4
Bd4 22. Qd2 Rh8 23. c3 Be5 24. Bxe5 fxe5 25. Ndf6 Rxf6 26. Nxf6 Qe6 27. Nh5+
Kf8 28. c4 b6 29. Rf6 Qe7 30. Qf2 Nf4 31. Rxf4 exf4 32. Qxf4 Qg5 33. g4 Qxf4
34. Nxf4 Ke7 35. Kg2 Rb8 36. Nd5+ Kd7 37. b4 c6 38. Nf6+ Ke6 39. Nh5 axb4 40.
axb4 Ra8 41. Kf3 Ra4 42. Ke3 Rxb4 43. h4 Rb1 44. Ng7+ Kf6 45. Nf5 b5 46. cxb5
cxb5 47. Nxd6 b4 48. g5+ hxg5 49. hxg5+ Ke6 50. Nc4 Rg1 51. Nd2 Rxg5 52. Kd4
Rg8 53. Kc4 Rb8 54. Nb3 Ke5 55. Nc5 Rc8 56. Kxb4 Kd4 57. Nd7 Rc7 58. Nf6 Rb7+
59. Ka5 Kxd3 60. Ne8 Re7 61. Nd6 Rd7 62. Ne8 Re7 63. Nd6 f6 64. Kb5 Rxe4 65.
Kc5 Re5+ 66. Kb4 f5 67. Nf7 Re1 68. Ng5 f4 69. Nf3 Re4+ 70. Kb3 Ke3 71. Nh2 f3
72. Nf1+
0-1

[Event "Konnerud Tempo høstturnering 2022"]
[Site "Malmveien 15"]
[Date "2022.08.17"]
[Round "3"]
[White "Berg, Gunnstein"]
[Black "Andersson, Øivind"]
[Result "1-0"]
[WhiteElo "1606"]
[BlackElo "1473"]
[PlyCount "40"]
[EventDate "2022.??.??"]

1. d4 d5 2. Bf4 e6 3. e3 Bd6 4. Bg3 Nf6 5. Nd2 Nc6 6. Ngf3 Ne7 7. Bd3 c5 8. c3
c4 9. Bc2 b5 10. e4 Bc7 11. Bxc7 Qxc7 12. Qe2 dxe4 13. Nxe4 Ned5 14. O-O O-O
15. Nc5 Nf4 16. Qe3 Ng4 17. Qe4 Ne2+ 18. Qxe2 Bb7 19. Nxb7 Qxb7 20. Bxh7+ Kxh7
1-0

[Event "Konnerud Tempo høstturnering 2022"]
[Site "Malmveien 15"]
[Date "2022.08.17"]
[Round "3"]
[White "Selmer, Thorgrim Juhani"]
[Black "Heibo, Amalie Linnea"]
[Result "1-0"]
[WhiteElo "1535"]
[BlackElo "1285"]
[PlyCount "73"]
[EventDate "2022.??.??"]

1. c4 c5 2. Nc3 Nc6 3. g3 g6 4. Nf3 Nf6 5. d4 d6 6. d5 Nb8 7. Bg2 Bg7 8. O-O
O-O 9. Re1 Nbd7 10. Bf4 Ng4 11. Qc2 Nge5 12. b3 Qa5 13. Rac1 Nxf3+ 14. exf3 Ne5
15. Bd2 Bf5 16. Ne4 Qc7 17. Bc3 Qd7 18. Qe2 Bh3 19. Nxc5 Nxf3+ 20. Qxf3 dxc5
21. Bxh3 Qxh3 22. Bxg7 Kxg7 23. Rxe7 Qh6 24. Rce1 Qd2 25. R1e2 Qd4 26. Rxb7 g5
27. Ree7 g4 28. Rxf7+ Kg8 29. Rxf8+ Rxf8 30. Qe3 Qa1+ 31. Kg2 Kh8 32. Qd3 Rxf2+
33. Kxf2 Qf6+ 34. Kg2 Qb2+ 35. Kg1 Qa1+ 36. Qf1 Qd4+ 37. Qf2
1-0

[Event "Konnerud Tempo høstturnering 2022"]
[Site "Malmveien 15"]
[Date "2022.08.17"]
[Round "4"]
[White "Fagervik, Geir"]
[Black "Høisveen, Tore"]
[Result "1-0"]
[WhiteElo "1451"]
[BlackElo "1441"]
[PlyCount "149"]
[EventDate "2022.??.??"]

1. d4 d5 2. c4 c6 3. e3 Nf6 4. Nf3 e6 5. Bd3 Bb4+ 6. Bd2 Bxd2+ 7. Nbxd2 O-O 8.
O-O h6 9. Qc2 a6 10. cxd5 cxd5 11. Nb3 Nc6 12. Nc5 Nb4 13. Qd2 Nxd3 14. Qxd3 b6
15. Nb3 Bd7 16. Rfc1 Bb5 17. Qd1 Ne4 18. Nbd2 Nd6 19. a4 Be8 20. Ra3 f6 21.
Rac3 b5 22. b3 bxa4 23. bxa4 Qa5 24. Ra3 Qb4 25. Raa1 Qa5 26. Nb3 Qd8 27. Nc5
Bf7 28. Rab1 Ra7 29. Qb3 Qe7 30. Qb6 Rfa8 31. Nd2 a5 32. Re1 Bg6 33. Rbc1 Re8
34. h3 h5 35. Nxe6 Qxe6 36. Qxa7 Nc4 37. Nxc4 dxc4 38. Qxa5 Bd3 39. Qxh5 Rb8
40. Qa5 Rb2 41. Qa8+ Kh7 42. f3 Qf7 43. Qc8 f5 44. Kh1 Qg6 45. Rg1 Qh5 46. d5
Be2 47. e4 Bxf3 48. Qxf5+ Qxf5 49. exf5 Bxd5 50. Kh2 Ra2 51. Ra1 Rf2 52. a5
Rxf5 53. g4 Rf7 54. Kg3 Rf3+ 55. Kh4 Kh6 56. g5+ Kg6 57. Rgf1 Re3 58. Kg4 Bg2
59. Rfc1 Bxh3+ 60. Kf4 Re8 61. Rxc4 Rf8+ 62. Kg3 Bf5 63. a6 Rd8 64. Rc7 Kxg5
65. Rxg7+ Kf6 66. Rb7 Be4 67. Rb6+ Ke5 68. a7 Rg8+ 69. Kf2 Rg2+ 70. Ke3 Rg3+
71. Kd2 Rg2+ 72. Kc3 Rc2+ 73. Kb3 Rc8 74. Rb8 Bd5+ 75. Kb2
1-0

[Event "Konnerud Tempo høstturnering 2022"]
[Site "Malmveien 15"]
[Date "2022.08.17"]
[Round "4"]
[White "Nilsen, Helmer"]
[Black "Aure, Håvard"]
[Result "1-0"]
[WhiteElo "1433"]
[BlackElo "1376"]
[PlyCount "113"]
[EventDate "2022.??.??"]

1. d4 Nf6 2. c4 e6 3. a3 d5 4. Bg5 Be7 5. e3 O-O 6. Nf3 Ne4 7. Bxe7 Qxe7 8. Nbd2 f5 9. Ne5 Qf6 10. g3 Nd7 11. Nxd7 Bxd7 12. Nf3 Bc6 13. Ne5 Rab8 14. cxd5 exd5 15. Rc1 Rbd8 16. Qb3 Kh8 17. Bb5 Bxb5 18. Qxb5 Nd6 19. Qxd5 c6 20. Qb3 Qe7 21. Qb4 Qe6 22. Rc2 Qa2 23. O-O Qe6 24. Nd3 g5 25. Qc5 Qe4 26. Qe5+ Kg8 27. Qxe4 Nxe4 28. Ne5 f4 29. Rd1 Rd5 30. Nd3 Rfd8 31. f3 fxe3 32. Nb4 Rxd4 33. Rxd4 Rxd4 34. fxe4 Rd2 35. Kf1 a5 36. Ke1 axb4 37. Rxd2 exd2+ 38. Kxd2 Kf7 39. axb4 Ke6 40. Kd3 Ke5 41. h3 h5 42. Ke3 b6 43. b3 h4 44. gxh4 gxh4 45. Kf3 c5 46. b5 Kf6 47. Kg4 Ke5 48. Kxh4 Kxe4 49. Kg5 Kd3 50. h4 Kc3 51. h5 Kxb3 52. h6 c4 53. h7 c3 54. h8=Q c2 55. Qa1 Kc4 56. Qb2 Kd3 57. Qc1
1-0

[Event "Konnerud Tempo høstturnering 2022"]
[Site "Malmveien 15"]
[Date "2022.08.17"]
[Round "4"]
[White "Løvaas, Roger"]
[Black "Berg, Gunnstein"]
[Result "1-0"]
[WhiteElo "1470"]
[BlackElo "1606"]
[PlyCount "55"]
[EventDate "2022.??.??"]

1. d4 Nf6 2. Bf4 c5 3. d5 Qb6 4. b3 g6 5. c4 Bg7 6. Be5 d6 7. Bb2 O-O 8. e3 a5
9. Nd2 Bd7 10. Bd3 e6 11. Qf3 exd5 12. Bxf6 dxc4 13. Bxc4 Bc6 14. e4 d5 15.
Bxg7 Kxg7 16. exd5 Re8+ 17. Ne2 Bd7 18. Qc3+ Kg8 19. O-O-O Qd6 20. f3 b5 21.
Ne4 Rxe4 22. fxe4 bxc4 23. bxc4 Ba4 24. Rdf1 Nd7 25. Rf2 Ne5 26. Rhf1 Be8 27.
Rf6 Qc7 28. d6
1-0

[Event "Konnerud Tempo høstturnering 2022"]
[Site "Malmveien 15"]
[Date "2022.08.17"]
[Round "4"]
[White "Andersson, Øivind"]
[Black "Hagen, Bjørn Stian"]
[Result "1-0"]
[WhiteElo "1473"]
[BlackElo "1311"]
[PlyCount "91"]
[EventDate "2022.??.??"]

1. e4 e5 2. Nf3 Nc6 3. c3 Nf6 4. Qc2 d5 5. exd5 Nxd5 6. Bb5 Qd6 7. O-O Be7 8.
d4 exd4 9. Nxd4 Bd7 10. Bxc6 Bxc6 11. Nf5 Qg6 12. f3 Bc5+ 13. Kh1 O-O 14. b4
Bd6 15. Nd4 Qxc2 16. Nxc2 b5 17. Nd4 Bd7 18. Bd2 a5 19. bxa5 Rxa5 20. c4 Nb4
21. a3 bxc4 22. Bc3 Rh5 23. axb4 Bxh2 24. Nd2 Bf4+ 25. Kg1 Be3+ 26. Rf2 Bxf2+
27. Kxf2 Re8 28. Nxc4 c5 29. Nc2 cxb4 30. Bxb4 Bb5 31. N2e3 Bxc4 32. Nxc4 Rb5
33. Nd6 Rxb4 34. Nxe8 Rb2+ 35. Kg3 Rb6 36. Nc7 Rg6+ 37. Kf2 f6 38. Re1 Kf7 39.
g4 Rg5 40. Kg3 Kg6 41. f4 Rc5 42. Ne6 Rc3+ 43. Kh4 h6 44. f5+ Kf7 45. Rd1 Ke7
46. Nxg7
1-0

[Event "Konnerud Tempo høstturnering 2022"]
[Site "Malmveien 15"]
[Date "2022.08.17"]
[Round "4"]
[White "Transeth, Geir"]
[Black "Selmer, Thorgrim Juhani"]
[Result "0-1"]
[WhiteElo "1330"]
[BlackElo "1535"]
[PlyCount "60"]
[EventDate "2022.??.??"]

1. e4 c6 2. c4 Nf6 3. Nc3 d5 4. cxd5 cxd5 5. Bb5+ Nc6 6. exd5 Nxd5 7. Nxd5 Qxd5
8. Bxc6+ Qxc6 9. f3 g6 10. Ne2 Bg7 11. d4 O-O 12. Be3 Rd8 13. Rc1 Qe6 14. Bf2
Qxa2 15. Rc2 b6 16. Rd2 Ba6 17. O-O e6 18. Nc3 Qc4 19. Re1 Rd7 20. Rc2 Rad8 21.
Ne2 Qa4 22. Qc1 Bxe2 23. Rexe2 Bxd4 24. Bxd4 Qxd4+ 25. Kf1 Qh4 26. g3 Qh3+ 27.
Kf2 Qxh2+ 28. Ke3 Rd3+ 29. Kf4 Qh6+ 30. Ke4 R8d4+
0-1

[Event "Konnerud Tempo høstturnering 2022"]
[Site "Malmveien 15"]
[Date "2022.08.17"]
[Round "5"]
[White "Berg, Gunnstein"]
[Black "Fagervik, Geir"]
[Result "1-0"]
[WhiteElo "1606"]
[BlackElo "1451"]
[PlyCount "27"]
[EventDate "2022.??.??"]

1. d4 Nf6 2. Bf4 e6 3. e3 b6 4. c3 Bb7 5. Nf3 Be7 6. Nbd2 O-O 7. a3 c5 8. Bd3
cxd4 9. exd4 Bxf3 10. Qxf3 d5 11. O-O Nc6 12. Bb5 Rc8 13. Ba6 Nxd4 14. cxd4
1-0

[Event "Konnerud Tempo høstturnering 2022"]
[Site "Malmveien 15"]
[Date "2022.08.17"]
[Round "5"]
[White "Hagen, Bjørn Stian"]
[Black "Løvaas, Roger"]
[Result "0-1"]
[WhiteElo "1311"]
[BlackElo "1470"]
[PlyCount "42"]
[EventDate "2022.??.??"]

1. e4 e5 2. Nf3 Nc6 3. Bc4 h6 4. O-O Nf6 5. d3 Bc5 6. h3 d6 7. c3 a6 8. b4 Ba7
9. Nbd2 O-O 10. Re1 Ne7 11. Nf1 Ng6 12. a4 b5 13. Bb3 Bb7 14. Ng3 d5 15. Bb2 c5
16. exd5 Bxd5 17. Nxe5 Bxb3 18. Qxb3 Nxe5 19. Rxe5 Qxd3 20. Rd1 Qxg3 21. bxc5
Qxe5
0-1

[Event "Konnerud Tempo høstturnering 2022"]
[Site "Malmveien 15"]
[Date "2022.08.17"]
[Round "5"]
[White "Selmer, Thorgrim Juhani"]
[Black "Andersson, Øivind"]
[Result "0-1"]
[WhiteElo "1535"]
[BlackElo "1473"]
[PlyCount "104"]
[EventDate "2022.??.??"]

1. d4 d5 2. Nf3 g6 3. Bf4 Bg7 4. Nbd2 Nf6 5. e3 O-O 6. Ne5 Nbd7 7. Bd3 c5 8. c3
c4 9. Bc2 Nxe5 10. Bxe5 Ng4 11. Bg3 Re8 12. Nf3 e5 13. h3 e4 14. Nh2 Nh6 15.
Ng4 Nf5 16. Qe2 Nxg3 17. fxg3 Qg5 18. Bd1 h5 19. Nf2 Qxg3 20. Ba4 Re6 21. O-O-O
a6 22. Rhg1 b5 23. Bc2 Bh6 24. Rde1 Rf6 25. Nh1 Qh4 26. g4 Rf3 27. Qg2 Qxh3 28.
Qxh3 Rxh3 29. Kd2 Bxg4 30. Nf2 Rh2 31. Ref1 Rf8 32. Rg3 f5 33. Ke1 f4 34. Nxg4
hxg4 35. Rxg4 Kg7 36. Rf2 Rxf2 37. Kxf2 f3 38. b4 Rf5 39. a4 Rh5 40. axb5 axb5
41. Bxe4 dxe4 42. Rxe4 Rf5 43. Re7+ Kf6 44. Rh7 Kg5 45. e4 Rf8 46. Rb7 Kf4 47.
e5 Ke4 48. Rxb5 Be3+ 49. Kg3 f2 50. e6 f1=Q 51. Re5+ Kd3 52. e7 Re8
0-1

[Event "Konnerud Tempo høstturnering 2022"]
[Site "Malmveien 15"]
[Date "2022.08.17"]
[Round "5"]
[White "Heibo, Amalie Linnea"]
[Black "Transeth, Geir"]
[Result "1-0"]
[WhiteElo "1285"]
[BlackElo "1330"]
[Annotator "haav-"]
[PlyCount "77"]
[EventDate "2022.??.??"]

1. d4 d5 2. c4 e6 3. Nc3 Nf6 4. Bg5 Be7 5. e3 h6 6. Bf4 Bd6 7. Bxd6 Qxd6 8.
Qa4+ Bd7 9. Qb3 O-O 10. c5 Qe7 11. Qxb7 Nc6 12. Qxc7 Rfc8 13. Qg3 Nb4 14. Rc1
Ne4 15. Nxe4 dxe4 16. a3 Nd3+ 17. Bxd3 exd3 18. Nf3 Rab8 19. b4 Rb5 20. Ne5 a5
21. Nxd3 axb4 22. axb4 Ra8 23. O-O Rbb8 24. Ra1 Bb5 25. e4 Bxd3 26. Qxd3 Rxa1
27. Rxa1 Rxb4 28. g3 Qd7 29. d5 e5 30. c6 Qd6 31. Qf3 Rb8 32. Ra6 Qc7 33. Qd3
Qd6 34. Qc3 Qc7 35. Qc5 Rd8 36. Ra7 Qc8 37. d6 Qg4 38. d7 Qxe4 39. Qc1
1-0

[Event "Konnerud Tempo høstturnering 2022"]
[Site "Malmveien 15"]
[Date "2022.08.17"]
[Round "6"]
[White "Aure, Håvard"]
[Black "Høisveen, Tore"]
[Result "1-0"]
[WhiteElo "1376"]
[BlackElo "1441"]
[PlyCount "51"]
[EventDate "2022.??.??"]

1. c4 e5 2. Nc3 Nf6 3. g3 Nc6 4. Bg2 Bc5 5. Nf3 d6 6. O-O a6 7. Qc2 O-O 8. e3
Bg4 9. h3 Bh5 10. a3 h6 11. b4 Ba7 12. Bb2 Bg6 13. e4 Nh7 14. d3 f5 15. exf5
Bxf5 16. Nh4 Qg5 17. Nxf5 Rxf5 18. Ne4 Qg6 19. Qe2 Ng5 20. Qg4 h5 21. Qe2 Raf8
22. Nxg5 Rxg5 23. Be4 Qe6 24. Bd5 Rxg3+ 25. Kh2 Rxh3+ 26. Kg2
1-0

[Event "Konnerud Tempo høstturnering 2022"]
[Site "Malmveien 15"]
[Date "2022.08.17"]
[Round "6"]
[White "Løvaas, Roger"]
[Black "Selmer, Thorgrim Juhani"]
[Result "1/2-1/2"]
[WhiteElo "1470"]
[BlackElo "1535"]
[PlyCount "101"]
[EventDate "2022.??.??"]

1. d4 d5 2. Bf4 c5 3. e3 Nc6 4. c4 Nf6 5. Nf3 Bg4 6. Be2 dxc4 7. Bxc4 e6 8. Qb3
Na5 9. Bb5+ Nc6 10. Ne5 Rc8 11. Ba4 Qb6 12. Qxb6 axb6 13. Bg5 Bf5 14. Nc3 Ne4
15. Nxe4 Bxe4 16. Nxc6 bxc6 17. f3 Bd3 18. dxc5 b5 19. Bb3 Bxc5 20. Rd1 Bg6 21.
Ke2 h6 22. Bh4 Be7 23. Bxe7 Kxe7 24. e4 c5 25. Rd2 Rhd8 26. Rhd1 Rxd2+ 27. Rxd2
c4 28. Bd1 f5 29. e5 f4 30. Rd6 Rc5 31. Rd4 Bd3+ 32. Kd2 g5 33. b3 Rxe5 34.
bxc4 Bxc4 35. a4 Rd5 36. Rxd5 exd5 37. axb5 Bxb5 38. Kc3 h5 39. Kd4 Kd6 40. g3
fxg3 41. hxg3 h4 42. gxh4 gxh4 43. f4 h3 44. Bf3 Bf1 45. Ke3 d4+ 46. Kxd4 Bg2
47. Ke3 Bxf3 48. Kxf3 Ke6 49. Kg3 Kf5 50. Kxh3 Kxf4 51. Kh4
1/2-1/2

[Event "Konnerud Tempo høstturnering 2022"]
[Site "Malmveien 15"]
[Date "2022.08.17"]
[Round "6"]
[White "Andersson, Øivind"]
[Black "Heibo, Amalie Linnea"]
[Result "1-0"]
[WhiteElo "1473"]
[BlackElo "1285"]
[PlyCount "69"]
[EventDate "2022.??.??"]

1. e4 e5 2. Nf3 Nc6 3. c3 Nf6 4. Qc2 Bc5 5. b4 Bb6 6. b5 Ne7 7. Nxe5 d6 8. Nc4
c6 9. a4 d5 10. Nxb6 Qxb6 11. e5 Bf5 12. d3 Ng4 13. Qe2 Bxd3 14. Qxg4 Bxf1 15.
Rxf1 Ng6 16. f4 Rg8 17. Rf3 d4 18. e6 Rf8 19. Ba3 dxc3 20. Nxc3 f5 21. Qg3 Rf6
22. Re3 Rc8 23. Rc1 cxb5 24. Nd5 Rxc1+ 25. Bxc1 Qa5+ 26. Bd2 Qxa4 27. Nxf6+
gxf6 28. Rc3 Ne7 29. Qd3 b4 30. Rc4 Qa6 31. Qd7+ Kf8 32. Qd8+ Kg7 33. Qxe7+ Kh6
34. Qxf6+ Kh5 35. Qg5#
1-0

[Event "Konnerud Tempo høstturnering 2022"]
[Site "Malmveien 15"]
[Date "2022.08.17"]
[Round "7"]
[White "Selmer, Thorgrim Juhani"]
[Black "Fagervik, Geir"]
[Result "0-1"]
[WhiteElo "1535"]
[BlackElo "1451"]
[PlyCount "54"]
[EventDate "2022.??.??"]

1. c4 e6 2. Nc3 Nf6 3. g3 d5 4. cxd5 exd5 5. d4 Be7 6. Bg2 c6 7. Bf4 Bf5 8. Nf3
Nbd7 9. O-O h6 10. Re1 O-O 11. Ne5 Bb4 12. Qb3 Qb6 13. Nxd7 Nxd7 14. a3 Ba5 15.
Qxb6 Bxb6 16. Rad1 Rfe8 17. b4 Nf6 18. b5 Ba5 19. Rc1 cxb5 20. e3 Rac8 21. Nxb5
Bxe1 22. Rxe1 a6 23. Nd6 Be6 24. Nxe8 Nxe8 25. a4 Rc4 26. Rb1 Rxa4 27. Rxb7
Ra1+
0-1

[Event "Konnerud Tempo høstturnering 2022"]
[Site "Malmveien 15"]
[Date "2022.08.17"]
[Round "7"]
[White "Hagen, Bjørn Stian"]
[Black "Nilsen, Helmer"]
[Result "0-1"]
[WhiteElo "1311"]
[BlackElo "1433"]
[PlyCount "44"]
[EventDate "2022.??.??"]

1. e4 c5 2. c3 e6 3. d4 cxd4 4. cxd4 Bb4+ 5. Nc3 Ne7 6. Nf3 Nbc6 7. e5 Nf5 8. a3 Ba5 9. Bc4 Qc7 10. Qd3 a6 11. b4 Bb6 12. Ne2 d5 13. Bb3 Bd7 14. O-O Ba7 15. Bd2 O-O 16. Rfc1 Qb6 17. Bc2 Nxe5 18. Nxe5 Bb5 19. Qf3 Bxe2 20. Qxe2 Nxd4 21. Qe3 Qd6 22. Qg3 Ne2+
0-1

[Event "Konnerud Tempo høstturnering 2022"]
[Site "Malmveien 15"]
[Date "2022.08.17"]
[Round "7"]
[White "Berg, Gunnstein"]
[Black "Aure, Håvard"]
[Result "1-0"]
[WhiteElo "1606"]
[BlackElo "1376"]
[PlyCount "33"]
[EventDate "2022.??.??"]

1. d4 Nf6 2. Bf4 e6 3. e3 d5 4. Nf3 Bd6 5. Ne5 O-O 6. Nd2 c5 7. c3 cxd4 8. exd4
Nc6 9. Bd3 Qc7 10. Ndf3 Ne4 11. Bg3 Nxg3 12. Bxh7+ Kxh7 13. Ng5+ Kg8 14. hxg3
g6 15. Qg4 Nxe5 16. Qh4 f6 17. Qh8#
1-0